000 00893nam a2200277Ia 4500
003 GCL
008 140319s9999 xx 000 0 ara d
020 _a8874201977
040 _aGCL /
_cGCL
082 0 4 _a940.531
_bت ا
100 1 _aتايلور، ا. ج . ب
245 1 0 _aاصول الحرب العالمية الثانية /
_cتايلور، ا. ج . ب
700 1 _aمصطفى كمال خميس
700 1 _aمحمد انيس (مراجع)
250 _aالاولى
260 _aالقاهرة :
_bالهيئة المصرية العامة للكتاب ،
_c1990
300 _a313 ص ؛
_c24 سم
490 _a
650 0 4 _aالعصر الحديث
650 0 4 _aتاريخ
650 0 4 _aالاحوال السياسية
650 0 4 _aالنازية
650 0 4 _aاوربا
650 0 4 _aالحرب العالمية الثانية 1939 - 1945
942 _2ddc
_cBK
999 _c27986
_d27986